000 00363nam a22001577a 4500
020 _a0471392197
040 _cNUST
082 _a530
_bCUN
100 _aJohn D. Cutnell
_9124908
110 _aKenneth W. Johnson
_9124909
245 _aPhysics
250 _aFifth Edition
260 _aUSA:
_bJohn Wiley & Sons,
_c2001.
650 _2Physics
942 _2ddc
_cBK
999 _c611973
_d611973